<?xml version="1.0" encoding="UTF-8"?>
<record
    xmlns:xsi="http://www.w3.org/2001/XMLSchema-instance"
    xsi:schemaLocation="http://www.loc.gov/MARC21/slim http://www.loc.gov/standards/marcxml/schema/MARC21slim.xsd"
    xmlns="http://www.loc.gov/MARC21/slim">

  <leader>01130nam a22002537a 4500</leader>
  <controlfield tag="005">20170124103220.0</controlfield>
  <datafield tag="010" ind1=" " ind2=" ">
    <subfield code="a">A-670325</subfield>
  </datafield>
  <datafield tag="020" ind1=" " ind2=" ">
    <subfield code="c">100.00</subfield>
  </datafield>
  <datafield tag="035" ind1=" " ind2=" ">
    <subfield code="a">A-670325</subfield>
  </datafield>
  <datafield tag="037" ind1=" " ind2=" ">
    <subfield code="b">Cen Lib/Ret</subfield>
  </datafield>
  <datafield tag="040" ind1=" " ind2=" ">
    <subfield code="a">DPL</subfield>
    <subfield code="b">HN</subfield>
  </datafield>
  <datafield tag="082" ind1=" " ind2=" ">
    <subfield code="a">&#x932;&#x94B;&#x915; </subfield>
    <subfield code="b">&#x91A;&#x93E;&#x901;&#x926;&#x915;&#x93E; </subfield>
  </datafield>
  <datafield tag="245" ind1=" " ind2=" ">
    <subfield code="a">&#x91A;&#x93E;&#x901;&#x926; &#x915;&#x93E; &#x938;&#x93F;&#x924;&#x93E;&#x930;&#x93E; : </subfield>
    <subfield code="c">&#x938;&#x902;&#x915;&#x932;&#x928; &#x913;&#x926;&#x94B;&#x932;&#x947;&#x928; &#x938;&#x94D;&#x92E;&#x947;&#x915;&#x932; </subfield>
    <subfield code="b">&#x91A;&#x947;&#x915; &#x935;&#x93E;&#x938;&#x93F;&#x92F;&#x94B;&#x902; &#x915;&#x940; &#x932;&#x94B;&#x915; &#x915;&#x925;&#x93E;&#x90F;&#x902; </subfield>
  </datafield>
  <datafield tag="246" ind1=" " ind2=" ">
    <subfield code="a">Chand ka sitara : chek vasiyion ki lok kathyen /</subfield>
    <subfield code="b">sanakaln Odolane Smekal</subfield>
  </datafield>
  <datafield tag="260" ind1=" " ind2=" ">
    <subfield code="a">&#x928;&#x92F;&#x940; &#x926;&#x93F;&#x932;&#x94D;&#x932;&#x940; </subfield>
    <subfield code="b">&#x938;&#x94D;&#x91F;&#x93E;&#x930; &#x92A;&#x92C;&#x94D;&#x932;&#x93F;&#x915;&#x947;&#x936;&#x928; </subfield>
    <subfield code="c">1994</subfield>
  </datafield>
  <datafield tag="270" ind1=" " ind2=" ">
    <subfield code="b">&#x928;&#x92F;&#x940; &#x926;&#x93F;&#x932;&#x94D;&#x932;&#x940; </subfield>
    <subfield code="a">4/5, &#x906;&#x938;&#x92B; &#x905;&#x932;&#x940; &#x930;&#x94B;&#x921; </subfield>
    <subfield code="e">110002</subfield>
  </datafield>
  <datafield tag="300" ind1=" " ind2=" ">
    <subfield code="a">160&#x92A;&#x943; </subfield>
    <subfield code="c">22&#x938;&#x947;&#x92E;&#x940; (&#x938;&#x91C;&#x93F;&#x932;&#x94D;&#x926;)</subfield>
  </datafield>
  <datafield tag="650" ind1=" " ind2=" ">
    <subfield code="a">&#x938;&#x93E;&#x939;&#x93F;&#x924;&#x94D;&#x92F; -- &#x932;&#x94B;&#x915; &#x915;&#x925;&#x93E;&#x90F;&#x902; </subfield>
    <subfield code="9">5234</subfield>
  </datafield>
  <datafield tag="650" ind1=" " ind2=" ">
    <subfield code="a">Literature - Folk Stories</subfield>
    <subfield code="9">100759</subfield>
  </datafield>
  <datafield tag="650" ind1=" " ind2=" ">
    <subfield code="a">Hindi- Folk Stories</subfield>
    <subfield code="9">100760</subfield>
  </datafield>
  <datafield tag="650" ind1=" " ind2=" ">
    <subfield code="a">Pre - Promotion course</subfield>
    <subfield code="9">100761</subfield>
  </datafield>
  <datafield tag="700" ind1=" " ind2=" ">
    <subfield code="a">&#x938;&#x94D;&#x92E;&#x947;&#x915;&#x932;, &#x913;&#x926;&#x94B;&#x932;&#x947;&#x928; </subfield>
    <subfield code="9">100762</subfield>
  </datafield>
  <datafield tag="942" ind1=" " ind2=" ">
    <subfield code="2">ddc</subfield>
    <subfield code="c">HN</subfield>
    <subfield code="h">&#x932;&#x94B;&#x915; </subfield>
    <subfield code="m">&#x91A;&#x93E;&#x901;&#x926;&#x915;&#x93E; </subfield>
  </datafield>
  <datafield tag="999" ind1=" " ind2=" ">
    <subfield code="c">121762</subfield>
    <subfield code="d">121762</subfield>
  </datafield>
  <datafield tag="952" ind1=" " ind2=" ">
    <subfield code="0">0</subfield>
    <subfield code="1">0</subfield>
    <subfield code="4">0</subfield>
    <subfield code="7">0</subfield>
    <subfield code="a">L</subfield>
    <subfield code="b">L</subfield>
    <subfield code="d">2015-10-13</subfield>
    <subfield code="e">Cen Lib/Ret</subfield>
    <subfield code="g">100.00</subfield>
    <subfield code="l">1</subfield>
    <subfield code="o">&#x932;&#x94B;&#x915;  &#x91A;&#x93E;&#x901;&#x926;&#x915;&#x93E;</subfield>
    <subfield code="p">A-670325</subfield>
    <subfield code="r">2017-04-06 00:00:00</subfield>
    <subfield code="s">2017-04-01</subfield>
    <subfield code="t">1</subfield>
    <subfield code="v">100.00</subfield>
    <subfield code="w">2015-10-13</subfield>
    <subfield code="y">HN</subfield>
  </datafield>
</record>
